Staat - Bild - Subjekt : Arbeitslosigkeit in den Medien /

Wie formen Arbeitslosenzahlen unser Verständnis von Verantwortung? Im vorliegenden Band zeigt Kyra Palberg, wie die mediale Darstellung von Arbeitslosigkeit zwischen 1967 und 2015 nicht nur Fakten präsentiert, sondern zentrale Fragen zur gesellschaftlichen Verhandlung von Arbeitslosigkeit aufwirft:...

وصف كامل

محفوظ في:

المؤلف الرئيسي: Palberg, Kyra (مؤلف)

التنسيق: كتاب الكتروني

اللغة: English
German

منشور في: Paderborn : Ferdinand Schöningh, Brill | Fink, 2025.

سلاسل: Literatur und Ökonomie ; 15.
Schöningh and Fink Literature and Culture Studies E-Books Online, Collection 2025.

الموضوعات:

الوصول للمادة أونلاين: Login to view Source

الوسوم: إضافة وسم

لا توجد وسوم, كن أول من يضع وسما على هذه التسجيلة!

رقم الطلب: PZ7.S588

LEADER 02783nam a22004938i 4500
001 BRILL9783846769423
003 nllekb
005 20260324115026.0
006 m d
007 cr un uuuua
008 250910s2025 gw sb 001 0 eng d
020 |a 9783846769423  |q (electronic book) 
020 |z 9783770569427  |q (print) 
024 7 |a 10.30965/9783846769423  |2 DOI 
035 |z (OCoLC)1518693768 
040 |a NL-LeKB  |c NL-LeKB  |e rda 
041 |a ger 
050 4 |a PZ7.S588 
072 7 |a HPS  |2 bicssc 
072 7 |a PHI  |x 019000  |2 bisacsh 
072 7 |a SOC  |x 000000  |2 bisacsh 
082 0 4 |a 100  |2 23 
100 1 |a Palberg, Kyra,  |e author. 
245 1 0 |a Staat - Bild - Subjekt :  |b Arbeitslosigkeit in den Medien /  |c Kyra Palberg. 
246 3 |a Arbeitslosigkeit in den Medien 
264 1 |a Paderborn :  |b Ferdinand Schöningh, Brill | Fink,  |c 2025. 
264 4 |c ©2025 
300 |a 1 online resource (450 pages) :  |b illustrations. 
336 |a text  |b txt  |2 rdacontent 
337 |a computer  |b c  |2 rdamedia 
338 |a online resource  |2 rdacarrier 
490 1 |a Literatur und Ökonomie ;  |v 15 
490 1 |a Schöningh and Fink Literature and Culture Studies E-Books Online, Collection 2025 
504 |a Includes bibliographical references and index. 
520 |a Wie formen Arbeitslosenzahlen unser Verständnis von Verantwortung? Im vorliegenden Band zeigt Kyra Palberg, wie die mediale Darstellung von Arbeitslosigkeit zwischen 1967 und 2015 nicht nur Fakten präsentiert, sondern zentrale Fragen zur gesellschaftlichen Verhandlung von Arbeitslosigkeit aufwirft: Wird sie als ein Risiko verstanden, das durch den Staat versichert wird, oder als individuelles Versagen, das bestraft werden muss? Durch die Analyse von Kollektivsymbolen wie das ,soziale Netz', den ,sozialen Körper', die ,Flut' oder die ,Schere zwischen Arm und Reich' entschlüsselt Palberg, wie diese Metaphern den diskursiven Rahmen für Arbeitslosigkeit prägen und dabei tief verwurzelte gesellschaftliche Haltungen widerspiegeln. Mit einem literatur- und medienwissenschaftlichen Ansatz liefert das Buch innovative zeithistorische Einsichten und beleuchtet, wie Arbeitslosigkeit in den Medien als soziales und politisches Thema verhandelt wird. 
546 |a German 
588 |a Description based on print version record. 
650 0 |a Philosophy. 
650 0 |a Social & Political Philosophy. 
776 0 8 |i Print version:  |t Staat - Bild - Subjekt : Arbeitslosigkeit in den Medien.  |d Paderborn : Ferdinand Schöningh, Brill | Fink, 2025.  |z 9783770569427 
830 0 |a Literatur und Ökonomie ;  |v 15. 
830 0 |a Schöningh and Fink Literature and Culture Studies E-Books Online, Collection 2025. 
856 4 |z DOI:   |u http://dx.doi.org/10.30965/9783846769423 
999 |c 61988  |d 61988